000 00578nam a2200181Ia 4500
003 GCL
008 140319s9999 xx 000 0 ara d
040 _aGCL /
_cGCL
082 0 4 _a347.08
_bا ط
100 1 _aاحمد مليجى
245 1 0 _aالطعن بالاستئناف الكتاب الاول والثانى /
_cاحمد مليجى
260 _a[S.N] :
_bدار الفكر العربى
300 _a308 ص
490 _aموسوعة المرافعات العملية
_v0
650 0 4 _aالقانون
650 0 4 _aقانون المرافعات
942 _2ddc
_cBK
999 _c44794
_d44794